| 000 | 00812cam a2200229 a 4500 | ||
|---|---|---|---|
| 001 | 14010442 | ||
| 005 | 20131117103620.0 | ||
| 008 | 050621s2005 nyua b 001 0 eng d | ||
| 020 | _a038724140X | ||
| 040 |
_aFXN _cFXN _dOHX _dDLC |
||
| 082 | 0 | 0 |
_a354.2 _222 _bLUN |
| 100 | 1 |
_aLundstrom, Anders, _d1946- _934478 |
|
| 245 | 1 | 0 |
_aEntrepreneurship policy : _btheory and practice / _cby Anders Lundstrom, Lois Stevenson. |
| 260 |
_aNew York : _bSpringer, _cc2005. |
||
| 300 |
_axiv, 310 p. : _bill. ; _c25 cm. |
||
| 440 | 0 |
_aInternational studies in entrepreneurship ; _v9 _934479 |
|
| 504 | _aIncludes bibliographical references (p. [287]-302) and index. | ||
| 650 | 0 |
_aEntrepreneurship _xGovernment policy. _934480 |
|
| 653 |
_bBus _cNovember2013 |
||
| 700 | 1 |
_aStevenson, Lois. _934382 |
|
| 942 |
_2ddc _cBB _k354.2 LUN |
||
| 999 |
_c17764 _d17736 |
||